Estrategias de enseñanza del fundamento técnico del voleo arriba en los alumnos del Liceo Francisco Henríquez y Carvajal del nivel secundario del Distrito Educativo 16-01 de Cotuí, provincia Sánchez Ramírez, en el año escolar 2016-2017/Roberto Antonio Acosta (Registro nro. 18421)

Detalles MARC
000 -LEADER
fixed length control field 00749nam a22001811a 4500
001 - CONTROL NUMBER
control field 18421
003 - CONTROL NUMBER IDENTIFIER
control field OSt
005 - DATE AND TIME OF LATEST TRANSACTION
control field 20260204212404.0
008 - FIXED-LENGTH DATA ELEMENTS--GENERAL INFORMATION
fixed length control field 171122s2017||||dr ||||||b||||||||||spa||
090 ## - LOCALLY ASSIGNED LC-TYPE CALL NUMBER (OCLC); LOCAL CALL NUMBER (RLIN)
Classification number (OCLC) (R) ; Classification number, CALL (RLIN) (NR) UASD-2017-001
100 ## - ASIENTO PRINCIPAL -- NOMBRE PERSONAL
Personal name Acosta,Roberto Antonio
245 ## - TÍTULO PROPIAMENTE DICHO: SUBTÍTULO
Title Estrategias de enseñanza del fundamento técnico del voleo arriba en los alumnos del Liceo Francisco Henríquez y Carvajal del nivel secundario del Distrito Educativo 16-01 de Cotuí, provincia Sánchez Ramírez, en el año escolar 2016-2017/Roberto Antonio Acosta
264 ## - PRODUCTION, PUBLICATION, DISTRIBUTION, MANUFACTURE, AND COPYRIGHT NOTICE
Place of production, publication, distribution, manufacture Santo Domingo:El Autor
300 ## - PHYSICAL DESCRIPTION
Extensión 83 p
502 ## - THESIS NOTE
Dissertation note Tesis (Maestría Profesionalizante en Gestión de la Educación Física y el Deporte)
650 ## - ASIENTO SECUNDARIO DE MATERIA -- TERMINO TOPICO
Asiento secundario de materia Mestría en educaciónÌ
942 ## - ADDED ENTRY ELEMENTS (KOHA)
Source of classification or shelving scheme Dewey Decimal Classification
Koha item type Tesis
Existencias
Withdrawn status Lost status Source of classification or shelving scheme Damaged status Not for loan Current library Date acquired Total Checkouts Full call number Barcode Date last seen Price effective from Koha item type
    Dewey Decimal Classification     Biblioteca UTECO 09/09/2019   UASD-2017-001 UASD-2017-001 09/09/2019 09/09/2019 Tesis
© 2021 Derechos Reservados UTECO - Teléfono: +1 809-585-2291 - Correo electrónico: biblioteca@uteco.edu.do​  
Código postal 43000 ​​
Dirección: Avenida Universitaria No. 100, 
Cotuí, Provincia Sánchez Ramírez, República Dominicana - RNC: 404-00059-6